| 000 | 00583nam a2200205Ia 4500 | ||
|---|---|---|---|
| 003 | OSt | ||
| 005 | 20230516103937.0 | ||
| 008 | 210423s1990 xx 000 0 und d | ||
| 040 | _cAL | ||
| 041 | _aeng | ||
| 082 |
_a307.1772 _223 _bFRAO |
||
| 100 |
_aFRANCO (F);CHAND (P G Vijay sherry) _9104754 |
||
| 245 | _aOperation flood and the voluntory sector | ||
| 260 |
_aNew Delhi _bIndian Documentation Service _c1990 |
||
| 365 |
_b160 _cINR |
||
| 650 |
_aCommunities _9104755 |
||
| 650 |
_aSociology _9104756 |
||
| 906 | _aflood ; Operation ; sector ; voluntory | ||
| 942 |
_2ddc _cBK |
||
| 999 |
_c172135 _d172135 |
||